Les personnages du film L'Incroyable Hulk - #2 - Statistiques

Statistiques générales
  • Ce quiz a été pris 8 fois
  • Le résultat moyen est 3 sur 7
Statistiques - réponses
Réponse % Correct
Bruce Banner / Hulk
100%
Betty Ross
63%
Emil Blonsky / Abomination
63%
Samuel Sterns
38%
Thaddeus Ross
38%
Tony Stark / Iron Man
25%
Leonard Samson
13%
Aucun quiz correspondant
Distribution des résultats
% des personnes avec chaque résultat
Percentile par nombre de réponses
Votre historique - résultats
Vous n’avez pas pris ce quiz